<?xml version="1.0" encoding="UTF-8"?>
<marc:record xmlns:marc="http://www.loc.gov/MARC21/slim">
   <marc:leader>00000nam a2200000 a 4500</marc:leader>
   <marc:datafield ind1="1" ind2=" " tag="100">
      <marc:subfield code="a">Lange, Erwin Jade</marc:subfield>
      <marc:subfield code="4">aut</marc:subfield>
      <marc:subfield code="e">Verfasser/-in</marc:subfield>
   </marc:datafield>
   <marc:datafield ind1=" " ind2=" " tag="653">
      <marc:subfield code="a">Suche nach Vater</marc:subfield>
   </marc:datafield>
   <marc:datafield ind1=" " ind2=" " tag="653">
      <marc:subfield code="a">Down-Syndrom</marc:subfield>
   </marc:datafield>
   <marc:datafield ind1=" " ind2=" " tag="653">
      <marc:subfield code="a">Abenteuer</marc:subfield>
   </marc:datafield>
   <marc:datafield ind1="0" ind2="0" tag="245">
      <marc:subfield code="a">Halbe Helden</marc:subfield>
   </marc:datafield>
   <marc:datafield ind1="0" ind2="0" tag="245">
      <marc:subfield code="c">Erwin Jade Lange</marc:subfield>
   </marc:datafield>
   <marc:datafield ind1=" " ind2="1" tag="264">
      <marc:subfield code="b">Magellan</marc:subfield>
   </marc:datafield>
   <marc:datafield ind1="1" ind2=" " tag="520">
      <marc:subfield code="a">So ganz kann Dane sich nicht erklären, wie er da hineingeraten ist: Gerade ging er noch friedlich und unbescholten zur Schule. Jetzt hat er einen Aufpasserjob. Dumm nur, dass Billy D. ein neuer Schüler mit Downsyndrom, nicht will, dass man auf ihn aufpasst - viel lieber ist ihm, wenn Dane ihm beibringt, wie man sich prügelt oder wenn er ihm hilft, seinen Dad zu finden.</marc:subfield>
   </marc:datafield>
   <marc:datafield ind1=" " ind2=" " tag="020">
      <marc:subfield code="a">373485010X</marc:subfield>
      <marc:subfield code="9">373485010X</marc:subfield>
   </marc:datafield>
</marc:record>
